| Tag |
First Indicator |
Second Indicator |
Subfields |
| LEADER |
00000cam a2200000Ka 4500 |
| 001 |
in00002669921 |
| 005 |
20190329193840.0 |
| 006 |
m d |
| 007 |
cr cn| |
| 008 |
110107s2011 si ob 001 0 eng d |
| 020 |
|
|
|a 9780470827369 (electronic bk.)
|
| 020 |
|
|
|a 047082736X (electronic bk.)
|
| 035 |
|
|
|a (OCoLC)ocn695549656
|
| 035 |
|
|
|a (OCoLC)695549656
|
| 037 |
|
|
|a 10.1002/9780470827369
|b Wiley InterScience
|n http://www3.interscience.wiley.com
|
| 040 |
|
|
|a DG1
|b eng
|c DG1
|d UtOrBLW
|
| 049 |
|
|
|a TXAM
|
| 050 |
|
4 |
|a TA1660
|b .G36 2011eb
|
| 082 |
0 |
4 |
|a 621.3815
|2 22
|
| 100 |
1 |
|
|a Gao, Jianjun,
|d 1968-
|
| 245 |
1 |
0 |
|a Optoelectronic integrated circuit design and device modeling /
|c Jianjun Gao.
|
| 264 |
|
1 |
|a Singapore ;
|a Hoboken, N.J. :
|b Wiley,
|c [2011]
|
| 264 |
|
4 |
|c ©2011
|
| 300 |
|
|
|a 1 online resource.
|
| 336 |
|
|
|a text
|b txt
|2 rdacontent
|
| 337 |
|
|
|a computer
|b c
|2 rdamedia
|
| 338 |
|
|
|a online resource
|b cr
|2 rdacarrier
|
| 505 |
0 |
|
|a Front Matter -- Introduction -- Basic Concept of Semiconductor Laser Diodes -- Modeling and Parameter Extraction Techniques of Lasers -- Microwave Modeling Techniques of Photodiodes -- High-Speed Electronic Semiconductor Devices -- Semiconductor Laser and Modulator Driver Circuit Design -- Optical Receiver Front-End Integrated Circuit Design -- Index.
|
| 504 |
|
|
|a Includes bibliographical references and index.
|
| 500 |
|
|
|a Electronic resource.
|
| 650 |
|
0 |
|a Integrated optics.
|
| 650 |
|
0 |
|a Optoelectronic devices.
|
| 655 |
|
7 |
|a Electronic books.
|2 local
|
| 776 |
0 |
8 |
|i Print version:
|a Gao, Jianjun, 1968-
|t Optoelectronic integrated circuit design and device modeling.
|d Singapore ; Hoboken, N.J. : Wiley, c2011
|z 9780470827345
|w (DLC) 2010030422
|w (OCoLC)652445882
|
| 830 |
|
0 |
|a Wiley online library.
|
| 856 |
4 |
0 |
|u http://proxy.library.tamu.edu/login?url=http://onlinelibrary.wiley.com/book/10.1002/9780470827369
|z Connect to the full text of this electronic book
|t 0
|
| 994 |
|
|
|a 92
|b TXA
|
| 999 |
|
|
|a MARS
|
| 999 |
f |
f |
|s 3aba840c-738c-323d-9fbc-476106d70219
|i be566613-dd22-3c9d-8646-bfacaab9442d
|t 0
|
| 952 |
f |
f |
|a Texas A&M University
|b College Station
|c Electronic Resources
|d Available Online
|t 0
|e TA1660 .G36 2011eb
|h Library of Congress classification
|
| 998 |
f |
f |
|a TA1660 .G36 2011eb
|t 0
|l Available Online
|